| 000 | 01370nam a2200229 a 4500 | ||
|---|---|---|---|
| 001 | 000837907 | ||
| 003 | AM-YeHGA | ||
| 005 | 20250618073958.0 | ||
| 008 | 111012s2011 ai r 000 0 arm d | ||
| 020 | _a9789939556307 | ||
| 040 | _aAM-YeHGA | ||
| 041 | 0 | _aarm | |
| 100 | 1 | _aԽուդավերդյան, Սուրիկ Խաչիկի | |
| 245 | 1 | 0 |
_aՄիկրո և նանո էլեկտրոնիկայի հիմունքներ : _bՈւսումնական ձեռնարկ / _cՍ.Խ. Խուդավերդյան: ՀՀ Կրթ. և գիտ. նախ., ՀՊՃՀ. Ռ և ԿՀ ֆակ. ՌԿ և Ա ամբիոն. |
| 260 |
_aԵրևան : _bՃարտարագետ, _c2011. |
||
| 300 | _a228 էջ. | ||
| 530 |
_aԷլեկտրոմնային պաշարը հասանելի է ՀՊՃՀ-ի գրադարանի էլեկտրոնային ընթերցասրահում _uhttp://libsrv.seua.am/chair_publications/1694E.pdf |
||
| 650 | 1 | 4 | _aՌադիոէլեկտրոնիկա |
| 710 | 2 |
_aՀՀ կրթության և գիտության նախարարություն _98625 |
|
| 710 | 2 |
_aՀայաստանի պետական ճարտարագիտական համալսարան (Պոլիտեխնիկ). _bՌադիոտեխնիկայի և կապի համակարգերի ֆակուլտետ. _bՌադիոսարքավորումների կոնստրուկտավորման և արտադրության ամբիոն |
|
| 090 | _c302692 | ||
| 999 |
_c300993 _d300993 |
||